| 000 | | | 03781nmc2a22002533x 450 |
| 001 | | | f2fd858b-d90e-4557-9d9a-47caa21c0562 |
| 005 | | | 20251029090002.0 |
| 100 | ## | $a | 20250528l18961896k l0rusy0189 ca |
| 101 | 0# | $a | rus |
| 102 | ## | $a | RU |
| 105 | ## | $a | y### |
| 122 | 2# | $a | d |
| 200 | 1# | $a | Дело о придворных чинах и [кавалерах], и прочих [особах] лицах, получивших особые назначения на время [торжеств священного коронования] (коронации) |
| | $j | 9 февраля - 2 декабря 1896 г. |
| 215 | ## | $a | 60 л. |
| | $d | 36,5х26 см |
| 251 | ## | $c | Дело |
| 300 | ## | $a | На обложке указано: "Экспедиция церемониальных дел Министерства императорского двора; №3" |
| 300 | ## | $a | На обложке имеются карандашные пометы |
| 371 | ## | $a | Документ не является опубликованным и широко распространяемым |
| 461 | #0 | $1 | 0011beca410-31e9-4f28-916a-592ca9443f69 |
| | $1 | 2001 |
| | $a | Церемониальная часть Министерства императорского двора |
| | $1 | 251 |
| | $c | Фонд |
| | $1 | 852 |
| | $j | 473 |
| 462 | #0 | $1 | 001a54d7da2-27dc-4d4e-832c-8830aaafd738 |
| | $1 | 2001 |
| | $a | Церемониальная часть Министерства императорского двора |
| | $1 | 251 |
| | $c | Опись |
| | $1 | 852 |
| | $j | 3 |
| 801 | #0 | $a | RU |
| | $b | РГИА |
| | $c | 20250528 |
| | $g | RCR |
| 801 | #1 | $a | RU |
| | $b | ГлавНИВЦ |
| | $c | 20250528 |
| | $2 | rusmarc |
| 801 | #2 | $a | RU |
| | $b | ПБ им. Б.Н. Ельцина |
| | $c | 20251029 |
| | $g | RCR |
| | $2 | rusmarc |
| 850 | ## | $a | РГИА |
| 852 | ## | $a | РГИА |
| | $e | Федеральное казенное учреждение "Российский государственный исторический архив" (РГИА) |
| | $j | 470 |
| 937 | ## | $h | РГИА |
| | $d | 12424562 |
| | $a | ASBIBLIO_SCAN |
| 035 | ## | $a | RusGRCC00086541 |
| 856 | ## | $u | http://readingroom.main.prlib.ru/item.aspx?id_node=n198752024&mode=full |